000 02331cam a22004334i 4500
003 PE-LiUPU
005 20250731184541.0
008 150623s r 000 0 d
035 _a(Sirsi) a25400
040 _aPE-LiUPU
_bspa
_cPE-LiUPU
_erda
082 0 4 _a985.004
_bK23
_221
100 1 _aKarp Fernenburg de Toledo, Eliane,
_eautor.
245 1 0 _aHacia una nueva nación kay pachamanta :
_bEliane Karp de Toledo primera dama de la nación /
_cEliane Karp Fernenburg de Toledo.
264 1 _aLima :
_bFimart S.A.C.,
_c2001.
300 _a190 páginas :
_bilustraciones fotos ;
_c24 cm.
336 _atext
_2rdacontent
337 _aunmediated
_2rdamedia
338 _avolume
_2rdacarrier
500 _aFotos: por Jorge [Coqui] Toledo. Incluye propuestas presentadas al Congreso de la República.
505 0 _aCeremonia de inauguracion del mandato del Señor Presidente, Alehandro Toledo, en el Santuario de Machu Picchu. Ceremonia de inauguracion del mandato del Señor Presidente, en Saqsayhuaman. Antropología, cultura y economía. Segundo congreso de la conferencia permamente de los Pueblos Indígenas del Perú. Universidad Nacional Mayor de San Marcos. Primer congreso metropolitano de las organizaciones sociales de base. Encuentro binacional de los puebloas Shuar, Awajun y Huampis del Perú y Ecuador. Provincia de Codrocanqui, comunidad de Chapisa, Amazonas, Perú. Medio ambiente y uso sostenido de los recursos naturales: un reto para la cooperación interdisciplinaria. UNALM. .. Propuesta de Régimen de protección de loas conocimientos colectivos de los pueblos..
526 _aP136
526 _aP135
526 _aP134
526 _aP133
526 _aP144
526 _aP143
526 _aP87
526 _aP35
526 _aP20
526 _aP14
526 _aP10
526 _aP06
650 0 4 _aPerú
_xPolítica y gobierno
_y2001-2002
_vEnsayos, conferencias, etc.
942 _2ddc
_cBOOK
949 _a985.004 K23
_wDEWEY
_c1
_i50502
_lCCODEBUL1
_mBUL
_p00.00
_r0
_sY
_tBOOK
_u2015-06-24
_xBIBLIOTECA
_zUNKNOWN
_0COMPRA
_o.STAFF. Colección General
596 _a1
999 _a985.004 K23
_wDEWEY
_c32318
_i50502
_f2021-11-8
_g5
_lCCODEBUL1
_mBUL
_r0
_sY
_tBOOK
_u2015-6-24
_xBIBLIOTECA
_zUNKNOWN
_0COMPRA
_o.STAFF. Colección General
_d32318
980 _81
_gALBERTO SANCHEZ Responsable de Automatización